000 00368nam a22001457a 4500
003 SGT
082 _a617.84
_bE22R
100 _aRISHI, PRIYANKA
245 _aEfficacy of Kinesio Taping and Pilates in Postpartum Women With Low Back Pain
260 _aGURUGRAM
_bSGT UNIVERSITY
_c2022
300 _a233
650 _aPHYSIOTHERAPY
653 _aPHD
942 _2ddc
_cTH
999 _c26464
_d26464